Statistics for Famous Hoosiers - aka People from Indiana

Click here to take the quiz!

General Stats

  • This quiz has been taken 5,929 times
    (2,366 since last reset)
  • The average score is 10 of 18

Answer Stats

Clue Hometown Answer % Correct
Singer known as "The King of Pop"GaryMichael Jackson
99%
President who was born in a log cabin in Kentucky,
but grew up in Indiana
Perry CountyAbraham Lincoln
88%
He left Indiana to fry chicken in KentuckyHenryvilleColonel Sanders
83%
Guns N' Roses singerLafayetteAxl Rose
80%
Boston Celtics legendFrench LickLarry Bird
73%
Late night host with a Top 10 listIndianapolisDavid Letterman
68%
Star of the "Great Escape" and "Bullitt"IndianapolisSteve McQueen
61%
Singer of "Jack & Diane" and "Small Town"SeymourJohn Mellencamp
60%
Vice President and potato misspellerHuntingtonDan Quayle
60%
Popcorn tycoonBrazilOrville Redenbacher
55%
"Slaughterhouse-Five" authorIndianapolisKurt Vonnegut
55%
Chair-throwing Indiana basketball coachBloomingtonBob Knight
47%
Actor who stars as Kylo Ren in Star Wars episodes VII - IXMishawakaAdam Driver
37%
Yankees legend known as "Donnie Baseball"EvansvilleDon Mattingly
32%
Creator of "Garfield"FairmontJim Davis
32%
New York Times crossword puzzle editorCrawfordsvilleWill Shortz
21%
"De-lovely" songwriterPeruCole Porter
19%
Founder of an Indianapolis-based pharmaceutical companyIndianapolisEli Lilly
17%

Score Distribution

Percentile by Number Answered

Percent of People with Each Score

Your Score History

You have not taken this quiz since the last reset